00948 a2200253 4500001000700000020001500007040003200022090001300054100001700067245002200084260001300106300003100119362000900150490002600159520027100185650002200456650001300478650002600491650003200517650002200549942000700571952009700578999001900675126888 a0439318319 cEscola Canadense de Niteroi aS2 - HER aHerman, Gail10aSea monster scare aNew York a32 p.c6 x 0.25 x 9 inches0 a20020 aHello reader! Level 2 aScooby-Doo and the gang are enjoying a relaxing day at the beach. Sun, sand, snacks, and... sea monsters? "Ro Way!" says Scooby. But if it wasn't a sea monster, what destroyed the gang's sand castle? And where is the gang? Scooby and Shaggy have to find them--fast!  4aDetective Stories 4aMonsters 4aChildren's Literature 4aMystery, Thriller or Terror 4aSolving Mysteries cBK 00104070a80.1b80.1d2024-02-09l0oS2 - HERpA10624r2024-04-17 11:57:53w2024-02-09yBK c126888d126888